000 00621nam a2200241Ia 4500
003 OSt
005 20220924145602.0
006 a|||||r|||| 00| 0
007 ta
008 220923b |||||||| |||| 00| 0 per d
024 _a329441
037 _cTextual
040 _aARTS
_cARTS
_bper
041 _2per
_aper
082 _aP164,9, 164M0
100 _aMurtazvi Manochar Au.
_9220113
245 0 _aZuban-e-dareen aazir baijan
260 _c1980
650 _a PERSIAN LANGUAGE
650 _aGRAMMAR
942 _hP164,9, 164M0
_cTEXL
_2CC
999 _c460560
_d460560